| 000 | 00873nam a2200265Ia 4500 | ||
|---|---|---|---|
| 003 | OSt | ||
| 005 | 20220923210957.0 | ||
| 006 | a|||||r|||| 00| 0 | ||
| 007 | ta | ||
| 008 | Pun | ||
| 020 |
_a8130202514 _c260 |
||
| 024 | _a260,692 | ||
| 037 |
_b526, 02/12/2011, H.K. Prakashan _cTextual |
||
| 040 |
_aARTS _cARTS _bPun |
||
| 041 |
_2Pun _aPun |
||
| 082 | _aO153,3N452w, Q0 | ||
| 100 |
_aਸੰਧੂ, ਵਰਿਆਮ ਸਿੰਘ _9156315 |
||
| 245 | 0 | _aਸਾਹਿਤਕ ਸਸ਼ੈ ਜੀਵਨੀ | |
| 260 |
_aਪਟਿਆਲਾ _b ਪਬਲੀਕੇFਨ ਬਿਊਰੋ _c2010 |
||
| 300 |
_a267ਪੰ _ccm. |
||
| 650 |
_a ਜੀਵਨੀ _9156761 |
||
| 650 | _aਪੰਜਾਬੀ ਸਾਹਿਤ | ||
| 942 |
_hO153,3N452w, Q0 _cTEXL _2CC |
||
| 999 |
_c293412 _d293412 |
||